00492nam a2200169Ia 4500003000900000008004100009020001600050040001600066080001600082245006300098260004800161300001500209490004400224650001300268650001600281700002500297IN-BaIIA211028s9999 xx 000 0 eng d a13-469056-7 cIIA Library a621.38bHOL 0aIntegrated electronic systemscedited by Nick Holonyak Jr. aEnglewoodcliffs, N. J.bPrentice-Hallc1970 axvi, 472p. aSolid State Physical Electronics Series aCircuits aElectronics aHolonyak, Nick., ed.